| 000 | 00975cam a2200265 4500 | ||
|---|---|---|---|
| 008 | 090401t1994 xxu||||| |||| 00| 0 eng d | ||
| 020 | _a189852100X | ||
| 035 | _a(Sirsi) u63435 | ||
| 041 | _aeng | ||
| 050 | _a624.154 | ||
| 100 | _aSmith, Jeffery | ||
| 245 | _aUnderpinning and repair of subsidence damage. | ||
| 260 |
_aLondon _bCamden Consultancy _c1994 |
||
| 300 | _avii,62p. : ill. ; 30cm. | ||
| 350 | _a21 | ||
| 520 | _aLooks at subsidence of domestic scale buildings, including the need to recognise problems caused by settlement or tree root damage, deciding on the appropriate method of repair, making an insurance claim and supervising the work. | ||
| 650 | _aBUILDING FAILURES | ||
| 650 | _aDOMESTIC BUILDINGS | ||
| 650 | _aBUILT ENVIRONMENT-BUILDING ELEMENTS-COMPLETE BUILDING ELEMENTS-FOUNDATIONS | ||
| 650 | _aHOUSES | ||
| 650 | _aTREE ROOTS | ||
| 690 | _aBUILDING AND CONSTRUCTION-DEFECTS AND FAILURES | ||
| 942 | _n0 | ||
| 948 | _c04/03/1997 | ||
| 999 |
_c94560 _d94560 |
||